000 00278nam a2200097Ia 4500
005 20250424112903.0
008 250424s9999 xx 000 0 und d
300 _aix, 146 p. 23 cm.
650 _aAppraising the jurisdiction of the customary court of appeal in Nigeria
942 _cSR
999 _c37707
_d37707